Report of the Commission on the Hill Areas of Assam (Record no. 488403)

000 -LEADER
fixed length control field 00504cam a22001457a 4500
008 - FIXED-LENGTH DATA ELEMENTS--GENERAL INFORMATION
fixed length control field 180718b1966 xxu||||| |||| 00| 0 eng d
082 ## - DEWEY DECIMAL CLASSIFICATION NUMBER
Classification number B6x5411 In2
100 ## - MAIN ENTRY--PERSONAL NAME
Personal name India. Commission on the Hill Areas of Assam
245 ## - TITLE STATEMENT
Title Report of the Commission on the Hill Areas of Assam
Statement of responsibility, etc. by Ministry of Home Affairs
260 ## - PUBLICATION, DISTRIBUTION, ETC.
Place of publication, distribution, etc. Delhi
Name of publisher, distributor, etc. The Manager of Publications
Date of publication, distribution, etc. 1966
300 ## - PHYSICAL DESCRIPTION
Extent 198p.
500 ## - GENERAL NOTE
General note Chairman: H.V. Pataskar
700 ## - ADDED ENTRY--PERSONAL NAME
Personal name India. Ministry of Home Affairs
700 ## - ADDED ENTRY--PERSONAL NAME
Personal name Pataskar, H.V. (Chairman)
Holdings
Withdrawn status Lost status Damaged status Not for loan Permanent Location Current Location Date acquired Full call number Barcode Date last seen Price effective from Koha item type
        Indian Institute of Public Administration Indian Institute of Public Administration 2018-08-04 B6x5411 In2 GG4653 2018-08-04 2018-08-04 GG

Powered by Koha